000 00724nam a22002297a 4500
003 TZ-ArACH
005 20260226085934.0
008 251205b |||||||| |||| 00| 0 eng d
020 _a9798328344562
040 _aTZ-ArACH
_beng
_cTZ-ArACH
_dTZ-ArACH
050 _aHD62.25
_b.W55 2024
100 _aWill, Brian
245 _aThe invisible multi-millionaire:
_b28 lessons in how to scale your business, prepare for an exit and create generational wealth
_cBrian Will & Jeff Harkness
260 _bBrian Will & Jeff Harkness
_c2024
300 _axx, 123 p.:
650 _aBusiness
650 _aDelegation
650 _aGenerational Wealth
650 _aCorporations
700 _aHarkness, Jeff
942 _2lcc
_cBOOK
999 _c7751
_d7751